| 000 | 00564nam a22001697a 4500 | ||
|---|---|---|---|
| 020 | _qHard Cover. | ||
| 082 | _a005 | ||
| 100 | _aIrfanullah. | ||
| 245 |
_aRequest Identification on Twitter During Mass Convergence / _cIrfanullah. |
||
| 260 |
_aIslamabad: _bSEECS - NUST, _c2018. |
||
| 300 |
_a71 p. : _bill. ; _c30cm. _e+CD |
||
| 650 |
_aComputer Science MS-Thesis. _916114 |
||
| 700 |
_aDr. Sharifullah Khan _916362 |
||
| 856 | _uhttp://10.250.8.41:8080/xmlui/handle/123456789/24508 | ||
| 942 |
_2ddc _cTHE |
||
| 999 |
_c533168 _d533168 |
||